Modernism, postcolonialism, and globalism : (Record no. 29255)

MARC details
000 -LEADER
fixed length control field 03235cam a2200385 i 4500
001 - CONTROL NUMBER
control field 20472185
003 - CONTROL NUMBER IDENTIFIER
control field EG-ScBUE
005 - DATE AND TIME OF LATEST TRANSACTION
control field 20210727104847.0
008 - FIXED-LENGTH DATA ELEMENTS--GENERAL INFORMATION
fixed length control field 180427t2019 nyu f b 001 0 eng d
020 ## - INTERNATIONAL STANDARD BOOK NUMBER
International Standard Book Number 9780199980970
040 ## - CATALOGING SOURCE
Original cataloging agency DLC
Language of cataloging eng
Description conventions rda
Transcribing agency DLC
Modifying agency DLC
-- EG-ScBUE
082 04 - DEWEY DECIMAL CLASSIFICATION NUMBER
Classification number 809.9112
Item number MOD
Edition number 22
245 00 - TITLE STATEMENT
Title Modernism, postcolonialism, and globalism :
Remainder of title Anglophone literature, 1950 to the present /
Statement of responsibility, etc edited by Richard Begam and Michael Valdez Moses.
246 30 - VARYING FORM OF TITLE
Title proper/short title Anglophone literature, 1950 to the present
264 #1 - PUBLICATION, DISTRIBUTION, ETC. (IMPRINT)
Place of publication, distribution, etc New York, NY :
Name of publisher, distributor, etc Oxford University Press,
Date of publication, distribution, etc [2019]
264 #4 - PUBLICATION, DISTRIBUTION, ETC. (IMPRINT)
Date of publication, distribution, etc c2019
300 ## - PHYSICAL DESCRIPTION
Extent xvi, 324 pages ;
Dimensions 25 cm
336 ## - CONTENT TYPE
Content type term text
Content type code txt
Source rdacontent
337 ## - MEDIA TYPE
Media type term unmediated
Media type code n
Source rdamedia
338 ## - CARRIER TYPE
Carrier type term volume
Carrier type code nc
Source rdacarrier
504 ## - BIBLIOGRAPHY, ETC. NOTE
Bibliography, etc Includes bibliographical references and index.
505 1# - FORMATTED CONTENTS NOTE
Formatted contents note Africa -- Asia -- The Caribbean -- Ireland -- Australia/New Zealand -- Canada.
520 ## - SUMMARY, ETC.
Summary, etc "As England withdrew from its empire after World War II, how did writers living outside the United Kingdom respond to the history of colonialism and the aesthetics of modernism within a global context? In fourteen original essays, a group of distinguished scholars considers these questions in relation to novelists, playwrights and poets living in English-speaking countries around the world. The Introduction not only examines how modernism and postcolonialism evolved over roughly two generations, but also situates the writers analyzed in terms of the canonical realignments inspired by the New Modernist Studies and an array of emerging methodologies and approaches. While this volume highlights social and political questions connected with the end of empire, it also considers the aesthetics of postcolonialism, detailing how writers drew upon, responded to and, sometimes reacted against, the formal innovations of modernism. Many of the essays consider the influence modernist artists and movements exercised on postcolonial writers, from Yeats, Conrad, Kafka, Proust, Joyce, Eliot and Woolf to Impressionism, Expressionism, Surrealism, Dadaism and Abstraction. The volume is organized around six geographic locales and includes essays on Africa (Chinua Achebe, Ngũgĩ wa Thiong'o, Nadine Gordimer, J. M. Coetzee), Asia (Salman Rushdie, Arundhati Roy), the Caribbean (Jean Rhys, Derek Walcott, V. S. Naipaul), Ireland (Samuel Beckett, Seamus Heaney), Australia/New Zealand (David Malouf, Keri Hulme) and Canada (Michael Ondaatje). Among the topics considered are the narrative construction of time and space, the engagement with realism and the handling of aesthetic autonomy, globalization and cultural hybridity" --
Assigning source Provided by publisher.
650 #7 - SUBJECT ADDED ENTRY--TOPICAL TERM
Topical term or geographic name as entry element Modernism (Literature)
Source of heading or term BUEsh
650 #7 - SUBJECT ADDED ENTRY--TOPICAL TERM
Topical term or geographic name as entry element Postcolonialism in literature.
Source of heading or term BUEsh
650 #7 - SUBJECT ADDED ENTRY--TOPICAL TERM
Topical term or geographic name as entry element Literature and globalization.
Source of heading or term BUEsh
653 ## - INDEX TERM--UNCONTROLLED
Resource For college Humanities: English
Arrived date list July2021
655 ## - INDEX TERM--GENRE/FORM
Form subdivision Reading book
9 (RLIN) 34232
700 1# - ADDED ENTRY--PERSONAL NAME
Personal name Begam, Richard,
Dates associated with a name 1950-
Relator term editor,
9 (RLIN) 11726
700 1# - ADDED ENTRY--PERSONAL NAME
Personal name Moses, Michael Valdez,
Dates associated with a name 1957-
Relator term editor,
9 (RLIN) 29163
906 ## - LOCAL DATA ELEMENT F, LDF (RLIN)
a 7
b cbc
c orignew
d 1
e ecip
f 20
g y-gencatlg
942 ## - ADDED ENTRY ELEMENTS (KOHA)
Source of classification or shelving scheme Dewey Decimal Classification
Koha item type Book - Borrowing
Holdings
Withdrawn status Lost status Source of classification or shelving scheme Damaged status Not for loan Collection code Home library Current library Shelving location Date acquired Source of acquisition Cost, normal purchase price Total Checkouts Full call number Barcode Date last seen Cost, replacement price Price effective from Koha item type
    Dewey Decimal Classification     Alahram Central Library Central Library Second Floor 27/07/2021 Purchase 489.00   809.9112 MOD 000050422 15/07/2025 611.25 27/07/2021 Book - Borrowing